'H' Books by Cover Quiz Stats

 Plays Quiz Updated Jul 16, 2014

Support Sporcle.
Go Orange.
Score 0/15 Timer 05:00
0 Plays Today
Book % Correct
Harry Potter and the Deathly Hallows
96.1%
The Hunger Games
89.2%
The Hobbit
85.2%
Holes
71.5%
The Hunchback of Notre Dame
67.8%
The Hitchhiker's Guide to the Galaxy
64.3%
Heart of Darkness
56.2%
Hop on Pop
54.4%
Book % Correct
The Help
52.2%
Hatchet
46.2%
The Handmaid's Tale
45.9%
Harold and the Purple Crayon
44.1%
Hoot
37.6%
The Horse Whisperer
28.8%
The House on Mango Street
19.2%

You're not logged in!

Compare scores with friends on all Sporcle quizzes.
OR
Log In

From the Vault

'J' Game

by Matt

This juicy quiz joins jolly jelly beans jauntily jousting for jackrabbits.
Remove Ads.
Support Sporcle.
Get the best of Sporcle when you Go Orange. This ad-free experience offers more features, more stats, and more fun while also helping to support Sporcle. Thank you for becoming a member.

Show Comments

Extras

Top Quizzes Today


Score Distribution

Your Account Isn't Verified!

In order to create a playlist on Sporcle, you need to verify the email address you used during registration. Go to your Sporcle Settings to finish the process.

Report this User

Report this user for behavior that violates our Community Guidelines.

Details: